| 000 | 00606nam a22002057a 4500 | ||
|---|---|---|---|
| 008 | 150601b xxu||||| |||| 00| 0 eng d | ||
| 020 | _a0072281472 | ||
| 041 | 0 | _aeng | |
| 080 | _a338 | ||
| 100 | 1 | _aJones, Gareth R. | |
| 245 | 1 | 0 |
_aContemporary management / _cGareth R. Jones, Jennifer M. George, Charles W.L. Hill. |
| 246 | 3 | 0 | _aManagement |
| 250 | _aInternational ed. | ||
| 260 |
_aBoston : _bIrwin/McGraw-Hill, _c2000. |
||
| 300 |
_a778 f. : _bme il.; _c26 cm. _e1 computer disk (5 in.) |
||
| 650 | 0 | _aOrganizimi | |
| 700 | 1 | _aGeorge, Jennifer M. | |
| 700 | 1 | _aHill, Charles W. L. | |
| 942 |
_2udc _cBK |
||
| 999 |
_c951 _d951 |
||